Sports Quiz

Random Sports or MLB Quiz

MLB Top 100 Players of 2016 Quiz Stats

 Plays Quiz not verified by Sporcle

Challenge
Share
Tweet
Embed
Score 0/100 Timer 12:00
0 Plays Today
Number Answer % Correct
#5Mike Trout
97%
#4Clayton Kershaw
91.9%
#20Bryce Harper
85.9%
#10Kris Bryant
77.8%
#1Jose Altuve
76.8%
#3Mookie Betts
70.7%
#7Anthony Rizzo
70.7%
#24Giancarlo Stanton
70.7%
#11Manny Machado
67.7%
#14Max Scherzer
67.7%
#8Chris Sale
66.7%
#13Carlos Correa
66.7%
#2Josh Donaldson
65.7%
#50Buster Posey
64.6%
#42Carlos Gonzalez
63.6%
#12Miguel Cabrera
62.6%
#54Chris Davis
62.6%
#64Jose Bautista
62.6%
#39Jake Arrieta
61.6%
#53Khris Davis
61.6%
#73Wade Davis
61.6%
#49Aroldis Chapman
59.6%
#6Nolan Arenado
58.6%
#23Robinson Cano
58.6%
#22Corey Seager
57.6%
#25J.D. Martinez
57.6%
#29Francisco Lindor
57.6%
#9Paul Goldschmidt
56.6%
#41Jon Lester
56.6%
#58Andrew McCutchen
56.6%
#86Victor Martinez
56.6%
#68Evan longoria
55.6%
#83Albert Pujols
55.6%
#16Madison Bumgarner
54.5%
Number Answer % Correct
#19Joey Votto
54.5%
#33George Springer
54.5%
#45David Price
54.5%
#27Corey Kluber
53.5%
#79Stephen Strasburg
53.5%
#61Adam Jones
52.5%
#74Andrew Miller
52.5%
#97Hanley Ramirez
52.5%
#28Edwin Encarnacion
51.5%
#96Adrian Beltre
51.5%
#26Starling Marte
50.5%
#52Jacob DeGrom
50.5%
#77Dee Gordon
50.5%
#85Yoenis Cespedes
50.5%
#21Noah Syndergaard
49.5%
#18Trea Turner
48.5%
#59Christian Yelich
48.5%
#70Justin Turner
48.5%
#72Eric Hosmer
48.5%
#31Nelson Cruz
47.5%
#32Ryan Braun
47.5%
#34Freddie Freeman
47.5%
#66Lorenzo Cain
47.5%
#15Charlie Blackmon
46.5%
#38Daniel Murphy
46.5%
#40Jose Abreu
45.5%
#17Rick Porcello
44.4%
#51Matt Carpenter
43.4%
#65Jason Kipnis
42.4%
#30Xander Bogaerts
41.4%
#87Justin Upton
41.4%
#46Yu Darvish
40.4%
#62Craig Kimbrel
40.4%
#67Dallas Keuchel
40.4%
Number Answer % Correct
#71Gregory Polanco
40.4%
#47Mark Trumbo
39.4%
#55Salvador Perez
39.4%
#93Troy Tulowitzki
39.4%
#48Kyle Hendricks
38.4%
#36Brian Dozier
37.4%
#69Todd Frazier
37.4%
#84Ben Zobrist
37.4%
#95Chris Archer
37.4%
#91Ian Kinsler
36.4%
#80Zach Britton
35.4%
#81Cole Hamels
35.4%
#89Dexter Fowler
35.4%
#63Kenley Jansen
34.3%
#44Johnny Cueto
33.3%
#57Jonathan Lucroy
33.3%
#37Trevor Story
32.3%
#94Jean Segura
28.3%
#100Brett Gardner
27.3%
#35A.J. Pollock
26.3%
#88Ian Desmond
26.3%
#56D.J. LeMahieu
25.3%
#78Michael Brantley
22.2%
#43Kyle Schwarber
21.2%
#92Adam Duvall
20.2%
#75Danny Salazar
19.2%
#99Aledmys Diaz
17.2%
#76Michael Fulmer
15.2%
#90Seung Hwan Oh
15.2%
#98Andrew Benintendi
9.1%
#60Jackie Bradley Jr.
5.1%
#82Glen Perkins
4%

You're not logged in!

Compare scores with friends on all Sporcle quizzes.
Join for Free
OR
Log In

You Might Also Like...

Show Comments

Extras

Created Feb 23, 2017ReportNominate
Tags:MLB Quiz, 100, 2016, player, Top 100

Top Quizzes Today


Score Distribution

Your Account Isn't Verified!

In order to create a playlist on Sporcle, you need to verify the email address you used during registration. Go to your Sporcle Settings to finish the process.

Report this User

Report this user for behavior that violates our Community Guidelines.

Details: